Tilastot visalle Totta vai tarua? - Kiina

Klikkaa tästä pelataksesi tätä visaa!

Yleistilastot

  • Tätä visaa on pelattu 544 kertaa
    (543 viimeisimmän päivityksen jälkeen)
  • Keskiarvotulos 10 / 15

Vastaustilastot

KysymysVastaus% Oikein
Kiinassa on yli miljardi asukasta.Totta
94%
Isopandoja eli jättiläispandoja elää villinä vain Kiinassa.Totta
85%
Paperi on yksi Kiinan neljästä suuresta keksinnöstä.Totta
82%
Kiinalla on yhteinen maaraja Intian kanssa.Totta
80%
Helmijoki (珠江, Zhū Jiāng) on Kiinan pisin joki.Tarua
74%
Peking on asukasluvultaan Kiinan suurin kaupunki.Tarua
72%
Kiina ulottuu sekä pohjoiselle että eteläiselle pallonpuoliskolle.Tarua
70%
Qin Shi Huang oli yhdistyneen Kiinan ensimmäinen keisari.Totta
63%
Kristinusko on kielletty Kiinassa.Tarua
61%
Kiinan maa-alasta pienempi osuus on viljelykelpoista kuin EU:n.Totta
61%
Wontonit (馄饨) ovat pitkiä ja kapeita nuudeleita.Tarua
54%
Mandariinikiinan puhujat eivät ymmärrä kantoninkiinaa (yue).Totta
54%
Kiinassa on vain yksi aikavyöhyke.Totta
49%
Kiinalainen horoskooppi koostuu 14 eläimestä.Tarua
41%
Tutkimusmatkailija Zheng He teki seitsemän matkaa ja kävi myös Euroopan rannikoilla.Tarua
23%

Tulosjakauma

Persentiili vastausten määrän mukaan

Jokaisen tuloksen saaneiden osuus

Tuloshistoriasi

Et ole pelannut tätä visaa sen viimeisimmän päivityksen jälkeen